Benkő Samu tanulmánykötetéről. [Alkalmak és szavak. Polis Könyvkiadó, Kv., 2002]. Despre volumul lui Benkő Samu}. [On Benkő Samu's work]
Elmentve itt :
| Szerző: | |
|---|---|
| Adatforrás: | Meister |
| Forrásdokumentuma: | Korunk. - 2003. 5, 124-125. |
| Nyelv: | magyar |
| Kulcsszavak: | művelődéstörténet-recenzió BENKŐ, Samu istoria culturii-recenzie history of culture-book review |
| LEADER | 00574nab a2200157 i 4500 | ||
|---|---|---|---|
| 001 | bibPRO00012175 | ||
| 008 | 080908s2003 xx hun | ||
| 040 | |a Sz1 | ||
| 041 | |a hun | ||
| 100 | 1 | |a LÁSZLÓ Lóránd | |
| 245 | 1 | 0 | |a Benkő Samu tanulmánykötetéről. [Alkalmak és szavak. Polis Könyvkiadó, Kv., 2002]. Despre volumul lui Benkő Samu}. [On Benkő Samu's work] |c LÁSZLÓ Lóránd |
| 695 | |a művelődéstörténet-recenzió | ||
| 695 | |a BENKŐ, Samu | ||
| 695 | |a istoria culturii-recenzie | ||
| 695 | |a history of culture-book review | ||
| 773 | 0 | |t Korunk. - |g 2003. 5, 124-125. | |